000 00513nam a22001457a 4500
999 _c122245
_d122245
005 20210508110653.0
008 210508b ||||| |||| 00| 0 eng d
040 _cPK-LaUMT
082 _aRHC 320.532
_bNAZ-I
100 _aNazar Muhammad Khalid = نزر محمد خالد
245 _aIshtarakiyyat aur mazhab o akhlaq = اشتراکیت اور مزہب و اخلاق /
_cby Nazar Muhammad Khalid = نزر محمد خالد
260 _aKararchi :
_bMaktaba Chiragh Rah,
_cNA
300 _a144 p.
942 _cBK